Visualizzazione normale
Vista MARC
- Palau i Fabre, Josep,
di Personal Name
Records bibliografici associati: 6
001 - CONTROL NUMBER
- control field: 42748
003 - CONTROL NUMBER IDENTIFIER
- control field: IT-RoINE
005 - DATE AND TIME OF LATEST TRANSACTION
- control field: 20171205093800.0
008 - FIXED-LENGTH DATA ELEMENTS
- fixed length control field: 171205|| aca||aabn | a|a d
040 ## - CATALOGING SOURCE
- Original cataloging agency: IT-RoINE
- Transcribing agency: IT-RoINE
100 ## - HEADING--PERSONAL NAME
- Personal name: Palau i Fabre, Josep,
- Dates associated with a name: 1917-2008
670 ## - SOURCE DATA FOUND
- Source citation: Work cat.: (IT-RoINE)0: Balzac, Honoré de, 1799-1850 42746, L'obra mestra inconeguda /, 1986.